000 00657nam a22001937a 4500
005 20151103151820.0
010 _aENG-113754
020 _a9789383450183
_c450.00
035 _aEN- 97286
037 _bDBAD/PUB
082 _a629.2
100 _aSharma, Abhishek
245 _aAutomobile engineering :
_cby Abhishek Sharma
_bmanufacturing technology, mechanical engineering, entrepreneurs development & mechanical workshop /
260 _aNoida
_bVPS Engineering Impex
_c2015
270 _aA-8, Hosiery Complex, Phase-II
_bNoida
_e201305
300 _axiv,154p.
_c24cm(pbk)
500 _aIncludes index
942 _2ddc
_cEN
_mSHA
_h629.2
999 _c95383
_d95383